<?xml version="1.0" encoding="UTF-8"?>
<record
    xmlns:xsi="http://www.w3.org/2001/XMLSchema-instance"
    xsi:schemaLocation="http://www.loc.gov/MARC21/slim http://www.loc.gov/standards/marcxml/schema/MARC21slim.xsd"
    xmlns="http://www.loc.gov/MARC21/slim">

  <leader>01703aam a2200265 a 4500</leader>
  <controlfield tag="003">AR-RoUNCS</controlfield>
  <controlfield tag="005">20260630164313.0</controlfield>
  <controlfield tag="007">ta</controlfield>
  <controlfield tag="008">141218s2013    ag     |r     00| j spa d</controlfield>
  <datafield tag="020" ind1=" " ind2=" ">
    <subfield code="a">978-950-753-335-8</subfield>
  </datafield>
  <datafield tag="040" ind1=" " ind2=" ">
    <subfield code="a">AR-RoUNCS</subfield>
    <subfield code="b">spa</subfield>
    <subfield code="c">AR-RoUNCS</subfield>
  </datafield>
  <datafield tag="041" ind1="1" ind2=" ">
    <subfield code="a">spa</subfield>
    <subfield code="h">eng</subfield>
  </datafield>
  <datafield tag="100" ind1="1" ind2=" ">
    <subfield code="a">Doyle, Arthur Conan,</subfield>
    <subfield code="d">1859-1930</subfield>
    <subfield code="e">autor</subfield>
  </datafield>
  <datafield tag="245" ind1="1" ind2="0">
    <subfield code="a">Elemental, Watson / </subfield>
    <subfield code="c">Arthur Conan Doyle.</subfield>
  </datafield>
  <datafield tag="260" ind1=" " ind2=" ">
    <subfield code="a">San Isidro : </subfield>
    <subfield code="b">C&#xE1;ntaro,</subfield>
    <subfield code="c">c2013.</subfield>
  </datafield>
  <datafield tag="300" ind1=" " ind2=" ">
    <subfield code="a">100 p. ;</subfield>
    <subfield code="c">19 cm.</subfield>
  </datafield>
  <datafield tag="490" ind1="0" ind2=" ">
    <subfield code="a">Colecci&#xF3;n Del Mirador ; </subfield>
    <subfield code="v">232</subfield>
  </datafield>
  <datafield tag="505" ind1=" " ind2=" ">
    <subfield code="t">Puertas de acceso.</subfield>
  </datafield>
  <datafield tag="505" ind1=" " ind2=" ">
    <subfield code="t">Elemental, Watson.</subfield>
    <subfield code="g">La aventura del carbunclo azul ; Las cinco semillas de naranja ; La aventura de los tres estudiantes.</subfield>
  </datafield>
  <datafield tag="520" ind1=" " ind2=" ">
    <subfield code="a">Elemental, Watson &#xBF;Qu&#xE9; significan cinco semillas de naranja en un sobre con las siglas K.K.K.? &#xBF;Cu&#xE1;l es la posible relaci&#xF3;n entre un sombrero con forma de hongo, un rub&#xED; y un ganso para Nochebuena? &#xBF;Hasta qu&#xE9; extremo puede llegar el estudiante de una prestigiosa universidad inglesa para aprobar un examen de Griego? A partir de estas preguntas, Arthur Conan Doyle urde tres casos que deber&#xE1; resolver su c&#xE9;lebre detective Sherlock Holmes, acompa&#xF1;ado del no menos c&#xE9;lebre doctor John Watson. Y su resoluci&#xF3;n es m&#xE1;s que un mero relato policial. Porque Holmes representa la superioridad de la aguda inteligencia, de la capacidad de observaci&#xF3;n y del conocimiento cient&#xED;fico sobre la violencia y el delito. Y su cronista, el animoso Watson, nos recuerda que hay cosas que vale la pena contar. </subfield>
  </datafield>
  <datafield tag="650" ind1=" " ind2="7">
    <subfield code="a">Literatura inglesa</subfield>
    <subfield code="2">embne</subfield>
  </datafield>
  <datafield tag="655" ind1=" " ind2="7">
    <subfield code="a">Novelas policiacas</subfield>
    <subfield code="2">embne</subfield>
  </datafield>
  <datafield tag="751" ind1=" " ind2=" ">
    <subfield code="a">San Isidro (Buenos Aires : Provincia)</subfield>
    <subfield code="e">lugar de publicaci&#xF3;n</subfield>
    <subfield code="4">pup</subfield>
  </datafield>
  <datafield tag="942" ind1=" " ind2=" ">
    <subfield code="2">udc</subfield>
    <subfield code="c">OG</subfield>
    <subfield code="n">0</subfield>
  </datafield>
  <datafield tag="999" ind1=" " ind2=" ">
    <subfield code="c">1070</subfield>
    <subfield code="d">1070</subfield>
  </datafield>
  <datafield tag="952" ind1=" " ind2=" ">
    <subfield code="0">0</subfield>
    <subfield code="1">0</subfield>
    <subfield code="2">udc</subfield>
    <subfield code="4">0</subfield>
    <subfield code="7">0</subfield>
    <subfield code="8">CG</subfield>
    <subfield code="a">ESOCIALES</subfield>
    <subfield code="b">ESOCIALES</subfield>
    <subfield code="d">2026-06-30</subfield>
    <subfield code="e">Donaci&#xF3;n 2026</subfield>
    <subfield code="l">0</subfield>
    <subfield code="o">82-312.4(410.1) D754</subfield>
    <subfield code="p">001546</subfield>
    <subfield code="r">2026-06-30 16:44:22</subfield>
    <subfield code="w">2026-06-30</subfield>
    <subfield code="y">OG</subfield>
  </datafield>
</record>
